| 000 | 00000nam 2200000za 4500 |
| 001 | 9.699292 |
| 003 | CaOODSP |
| 005 | 20221107134528 |
| 007 | cr ||||||||||| |
| 008 | 150407s1963||||xxca||||o f000 0 eng d |
| 040 | |aCaOODSP|beng |
| 043 | |an-cn--- |
| 086 | 1 |aA53-1175/1963E-PDF |
| 100 | 1 |aSaidak, W. J. |
| 245 | 10|aGrowing strawberries in Eastern Canada |h[electronic resource] : |bweed control / |cW.J. Saidak. |
| 260 | |aOttawa : |bAgriculture Canada, |cJanuary 1963. |
| 300 | |a3 p. : |bphotographs. |
| 500 | |aIssued also in French under title: Culture du fraisier dans l'Est du Canada : répression des mauvaises herbes. |
| 500 | |aHistorical publication digitized by Agriculture and Agri-Food Canada. |
| 590 | |a14-11-Supp|b2014-05-21 |
| 690 | 07|aFruit crops|2gcpds |
| 710 | 1 |aCanada.|bAgriculture Canada.|bResearch Branch. |
| 775 | 08|tCulture du fraisier dans l'Est du Canada |w(CaOODSP)9.643266 |
| 856 | 40|ahttp://publications.gc.ca|qPDF|s421 KB|uhttps://publications.gc.ca/collections/collection_2014/aac-aafc/agrhist/A53-1175-1963-eng.pdf |
| 986 | |aPublication 1175 |